000 01308cam a2200241 4500
001 ABS61305
008 000000n1999 000 0 eng u
035 _a(Sirsi) u101181
100 _aFurst, S.
245 _aIt's a score draw now
260 _c1999
490 _aBuilding
_v(41) 15 October 1999, 65(1)
520 _aIn "Macob Civil Engineering v Morrison Construction Ltd" the decision showed that an adjudicatorαs ruling was enforceable, even if there had been a procedural error. Discusses a new case, "Project Consultancy Group v Trustees of the Gray Trust'" that shows the court drew a distinction between a decision that was invalid because of alleged procedural error, and a decision that was not within the jurisdiction of the adjudicator to make under the relevant act.
590 _aABS
650 _aMACOB CIVIL ENGINEERING LTD V MORRISON CONSTRUCTION LTD
650 _aPROJECT CONSULTANCY GROUP V TRUSTEES OF THE GRAY TRUST
650 _aPROCEDURE
650 _aMANAGEMENT-DISPUTE AVOIDANCE, MANAGEMENT AND RESOLUTION-DISPUTE MANAGEMENT AND RESOLUTION-ALTERNATIVE DISPUTE RESOLUTION-ADJUDICATION
650 _aDISPUTES
650 _aJURISDICTION
690 _aMANAGEMENT-DISPUTE AVOIDANCE, MANAGEMENT AND RESOLUTION-DISPUTE MANAGEMENT AND RESOLUTION-ARBITRATION
942 _n0
999 _c60344
_d60344